000 00201nam a22000857a 4500
008 170116b xxu||||| |||| 00| 0 eng d
100 _92444
_aBehi.R.
245 _aHockey Quiz
260 _aNew Delhi
_bSET
_c2009
999 _c5496
_d5496